[Event "Baden-Alsace"]
[Site "Hockenheim"]
[Date "2014.09.14"]
[Round "1"]
[White "Lerch, Patrice"]
[Black "Braun, Arik"]
[Result "0-1"]
[WhiteElo "2398"]
[BlackElo "2549"]
[PlyCount "77"]
[EventDate "2014.09.14"]
[EventType "team-match"]
[SourceDate "2014.09.13"]
[WhiteTeam "Alsace"]
[BlackTeam "Baden"]

1. e4 c6 2. Nf3 d5 3. Nc3 Bg4 4. h3 Bh5 5. d4 e6 6. Bd3 Nf6 7. e5 Nfd7 8. g4
Bg6 9. Bxg6 hxg6 10. Ne2 c5 11. c3 Qb6 12. Kf1 Nc6 13. Kg2 Be7 14. Be3 Qxb2 15.
c4 Nb6 16. Rb1 Qxa2 17. Ra1 Qxc4 18. dxc5 Bxc5 19. Rc1 Bxe3 20. Rxc4 Nxc4 21.
Ned4 Bxd4 22. Nxd4 a5 23. Nxc6 bxc6 24. Qd4 O-O 25. h4 f6 26. h5 Nxe5 27. f4
Nxg4 28. hxg6 f5 29. Qc3 Rf6 30. Qxc6 Raf8 31. Re1 Rxg6 32. Kf3 Rff6 33. Rh1
Rh6 34. Rxh6 Rxh6 35. Qa8+ Kh7 36. Qxa5 d4 37. Kg3 d3 38. Qb5 d2 39. Qd7 0-1

[Event "Baden-Alsace"]
[Site "Hockenheim"]
[Date "2014.09.14"]
[Round "2"]
[White "Gschnitzer, Oswald"]
[Black "Genzling, Alain"]
[Result "1-0"]
[WhiteElo "2390"]
[BlackElo "2390"]
[PlyCount "113"]
[EventDate "2014.09.14"]
[EventType "team-match"]
[SourceDate "2014.09.13"]
[WhiteTeam "Baden"]
[BlackTeam "Alsace"]

1. Nf3 c5 2. b3 d5 3. e3 Nf6 4. Bb2 g6 5. c4 dxc4 6. bxc4 Bg7 7. Be2 O-O 8. O-O
b6 9. Nc3 Nc6 10. Qa4 Bd7 11. Qc2 Bf5 12. d3 e5 13. Rfd1 Re8 14. Ng5 Re7 15.
Bf3 Rc8 16. Nge4 Nb4 17. Qb3 Ne8 18. a3 Nc6 19. Nd5 Rd7 20. Bc3 Be6 21. Nd2 f5
22. a4 Nf6 23. e4 f4 24. a5 Rb8 {(=)} 25. axb6 axb6 26. Ra6 Rdb7 27. Rb1 Ne8
28. Qa4 Bd7 29. Qd1 Bc8 30. Bg4 Nd6 31. Bxc8 Nxc8 32. Qg4 Qd7 33. Qxd7 Rxd7 34.
Kf1 Rdb7 35. Nf3 h6 36. Ke2 Kf7 37. Nd2 N6e7 38. g3 g5 39. Nf3 Nc6 40. g4 Bf6
41. h4 Nd4+ 42. Bxd4 exd4 43. hxg5 hxg5 44. Rh1 Kg6 45. Nxf6 Kxf6 46. Rh6+ Kg7
47. Rh5 Ra7 48. Rxg5+ Kf7 49. Rf5+ Ke7 50. Rxa7+ Nxa7 51. Rxf4 Nc6 52. g5 Ra8
53. g6 Rg8 54. Rf7+ Ke6 55. Ng5+ Kd6 56. Rf6+ Kd7 57. f4 1-0

[Event "Baden-Alsace"]
[Site "Hockenheim"]
[Date "2014.09.14"]
[Round "3"]
[White "Roos, Daniel"]
[Black "Arnold, Lothar"]
[Result "1-0"]
[WhiteElo "2348"]
[BlackElo "2363"]
[PlyCount "153"]
[EventDate "2014.09.14"]
[EventType "team-match"]
[SourceDate "2014.09.13"]
[WhiteTeam "Alsace"]
[BlackTeam "Baden"]

1. c4 e5 2. g3 Nf6 3. Bg2 Nc6 4. Nc3 Be7 5. e3 O-O 6. Nge2 d6 7. O-O Be6 8. Nd5
Qd7 9. d4 exd4 10. Nxd4 Bd8 11. Nxc6 bxc6 12. Nxf6+ Bxf6 13. Qa4 d5 14. cxd5
cxd5 15. Qxd7 Bxd7 16. Bxd5 Rab8 17. e4 Bxb2 18. Bxb2 Rxb2 19. Rfc1 Rc8 20. Rc3
c6 21. Bb3 Kf8 22. Rf3 Be8 23. Rc1 Ke7 24. Rc5 Rc7 25. Kg2 Rd2 26. Rcf5 Kf8 27.
e5 c5 28. Bxf7 Rxf7 29. Rxf7+ Bxf7 30. e6 Re2 31. Rxf7+ Kg8 32. Rc7 Rxe6 33.
Rxc5 Ra6 34. Rc2 Ra3 35. Kh3 Kf7 36. Kg4 Kf6 37. Re2 g6 38. Kf4 h5 39. Ke4 g5
40. h3 h4 41. gxh4 gxh4 42. Rc2 Ra4+ 43. Kf3 Kf5 44. Rc5+ Kg6 45. a3 Rxa3+ 46.
Kg4 Ra4+ 47. f4 Ra1 48. Rc6+ Kg7 49. Kxh4 a5 50. Ra6 a4 51. Kg5 a3 52. Ra7+ Kg8
53. Kg6 Rg1+ 54. Kf6 Rg3 55. Ra8+ Kh7 56. h4 Rf3 57. f5 Re3 58. Ra7+ Kh6 59.
Kf7 Rf3 60. f6 Re3 61. Ra5 Rf3 62. Ke7 Kh7 63. h5 Re3+ 64. Kf8 Rf3 65. f7 Re3
66. Ra6 Rf3 67. Ra7 Re3 68. Ra8 Kh8 69. Ra4 Kh7 70. Ra6 Rf3 71. h6 Re3 72. Ra4
Kh8 73. h7 Rf3 74. Ke7 Re3+ 75. Kf6 Rf3+ 76. Kg6 Rg3+ 77. Kh5 1-0

[Event "Baden-Alsace"]
[Site "Hockenheim"]
[Date "2014.09.14"]
[Round "4"]
[White "Clara, Hans Joachim"]
[Black "Roos, Louis"]
[Result "1/2-1/2"]
[WhiteElo "2335"]
[BlackElo "2338"]
[PlyCount "31"]
[EventDate "2014.09.14"]
[EventType "team-match"]
[SourceDate "2014.09.13"]
[WhiteTeam "Baden"]
[BlackTeam "Alsace"]

1. c4 e5 2. Nc3 Nc6 3. g3 Bc5 4. Bg2 d6 5. e3 Bf5 6. d3 Qd7 7. a3 a6 8. b4 Ba7
9. Nge2 Bh3 10. Bxh3 Qxh3 11. Nd5 Rc8 12. Nec3 Nce7 13. Qf3 c6 14. Nxe7 Nxe7
15. Ne4 Qd7 16. Bb2 1/2-1/2

[Event "Baden-Alsace"]
[Site "Hockenheim"]
[Date "2014.09.14"]
[Round "5"]
[White "Burri, Quentin"]
[Black "Noe, Christopher"]
[Result "1-0"]
[WhiteElo "2312"]
[BlackElo "2330"]
[PlyCount "65"]
[EventDate "2014.09.14"]
[EventType "team-match"]
[SourceDate "2014.09.13"]
[WhiteTeam "Alsace"]
[BlackTeam "Baden"]

1. e4 Nf6 2. e5 Nd5 3. d4 d6 4. c4 Nb6 5. exd6 cxd6 6. Nc3 g6 7. Be3 Bg7 8. Rc1
O-O 9. b3 Nc6 10. d5 Ne5 11. Be2 f5 12. f4 Ng4 13. Bxg4 fxg4 14. Nge2 e5 15.
dxe6 Bxe6 16. O-O d5 17. c5 Nd7 18. b4 Nf6 19. Nd4 Bf7 20. f5 Qd7 21. b5 Rae8
22. c6 bxc6 23. bxc6 Qe7 24. Bg5 Qb4 25. a3 Qxa3 26. Kh1 Qb4 27. fxg6 Bxg6 28.
Rxf6 Bxf6 29. Bxf6 Rxf6 30. Nxd5 Qf8 31. Nxf6+ Qxf6 32. c7 Rc8 33. Nb5 1-0

[Event "Baden-Alsace"]
[Site "Hockenheim"]
[Date "2014.09.14"]
[Round "6"]
[White "Herbrechtsmeier, Christof"]
[Black "Veys, Vincent"]
[Result "1-0"]
[WhiteElo "2254"]
[BlackElo "2300"]
[PlyCount "73"]
[EventDate "2014.09.14"]
[EventType "team-match"]
[SourceDate "2014.09.13"]
[WhiteTeam "Baden"]
[BlackTeam "Alsace"]

1. e4 e5 2. Nf3 Nc6 3. Bc4 Nf6 4. Ng5 d5 5. exd5 Na5 6. Bb5+ c6 7. dxc6 bxc6 8.
Be2 h6 9. Nf3 e4 10. Ne5 Bc5 11. c3 Qc7 12. f4 Nb7 13. b4 Bd6 14. d4 exd3 15.
Qxd3 O-O 16. O-O a5 17. Qg3 axb4 18. cxb4 Ne4 19. Qb3 Be6 20. Nc4 Rfe8 21. Be3
c5 22. Nbd2 Nxd2 23. Bxd2 cxb4 24. Rac1 {(=)} Na5 25. Nxd6 Qxc1 26. Qxb4 Qc6
27. Bf3 Qd7 28. Nxe8 Nc6 29. Qd6 Rxe8 30. Qxc6 Qd4+ 31. Rf2 Rc8 32. Qe4 Qa1+
33. Rf1 Qxa2 34. Qd4 Rc4 35. Qd8+ Kh7 36. Qd3+ f5 37. Bd5 1-0

[Event "Baden-Alsace"]
[Site "Hockenheim"]
[Date "2014.09.14"]
[Round "7"]
[White "Briet, Antoine"]
[Black "Wiechert, Hans"]
[Result "1/2-1/2"]
[WhiteElo "2278"]
[BlackElo "2232"]
[PlyCount "125"]
[EventDate "2014.09.14"]
[EventType "team-match"]
[SourceDate "2014.09.13"]
[WhiteTeam "Alsace"]
[BlackTeam "Baden"]

1. e4 e5 2. Nf3 Nc6 3. Bb5 a6 4. Ba4 Nf6 5. O-O Be7 6. Re1 b5 7. Bb3 O-O 8. h3
Bb7 9. d3 d6 10. a3 Qd7 11. Nc3 h6 12. Ne2 Rfe8 13. Ng3 Bf8 14. Nh4 Nd4 15. Ba2
Ne6 16. Nhf5 Kh7 17. Bd2 g6 18. Ne3 Bg7 19. Ng4 Ng8 20. h4 h5 21. Nh2 Nh6 22.
Nf3 f6 23. Nh2 d5 24. Be3 Rad8 25. Qf3 c5 26. b4 d4 27. Bd2 Rc8 28. Rec1 c4 29.
Qe2 Nf4 30. Qf1 Qe6 31. Ne2 Nxe2+ 32. Qxe2 Rc6 33. c3 Rec8 34. Nf3 dxc3 35.
Rxc3 Nf7 36. d4 Qd6 37. d5 R6c7 38. Nh2 Bh6 39. Be1 Bf4 40. g3 Bh6 41. f3 Qd7
42. Bf2 Rg8 43. Kh1 g5 44. Rg1 Rcc8 45. g4 gxh4 46. Bxh4 Bg5 47. Qf2 Bxh4 48.
Qxh4 Rg5 49. gxh5 Rcg8 50. Rxg5 Rxg5 51. Ng4 Qd6 52. Rc2 Bc8 53. Rg2 Bxg4 54.
Rxg4 Qd7 55. Kg2 Rxg4+ 56. Qxg4 Qxg4+ 57. fxg4 Kh6 58. Kf3 Nd6 59. Bb1 Kg5 60.
Ba2 Nf7 61. a4 Nd6 62. a5 Kh6 63. Bb1 1/2-1/2

[Event "Baden-Alsace"]
[Site "Hockenheim"]
[Date "2014.09.14"]
[Round "8"]
[White "Hauser, Carlos"]
[Black "Gaston, Serge"]
[Result "1-0"]
[WhiteElo "2215"]
[BlackElo "2265"]
[PlyCount "81"]
[EventDate "2014.09.14"]
[EventType "team-match"]
[SourceDate "2014.09.13"]
[WhiteTeam "Baden"]
[BlackTeam "Alsace"]

1. d4 d5 2. c4 c6 3. Nf3 Nf6 4. Nc3 e6 5. Bg5 dxc4 6. e4 b5 7. e5 h6 8. Bh4 g5
9. Nxg5 hxg5 10. Bxg5 Nbd7 11. g3 Rg8 12. h4 Rxg5 13. hxg5 Nd5 14. g6 fxg6 15.
Qg4 Qe7 16. Qxg6+ Qf7 17. Qxf7+ Kxf7 18. Ne4 c5 19. Ng5+ Kg6 20. Nxe6 cxd4 21.
Bg2 Bb7 22. Bxd5 Bxd5 23. Nf4+ Kf5 24. Nxd5 Kxe5 25. Nc7 Rb8 26. Rh5+ Ke4 27.
Rh4+ Ke5 28. O-O-O Bc5 29. Na6 Rc8 30. Nxc5 Nxc5 31. Rdxd4 Nd3+ 32. Kc2 Nxf2
33. Rd2 Nd3 34. Rh5+ Ke4 35. Rxb5 a6 36. Rb6 a5 37. a3 Nxb2 38. Rdd6 Nd3 39.
Rbc6 Rxc6 40. Rxc6 Kd4 41. Rd6+ 1-0

[Event "Baden-Alsace"]
[Site "Hockenheim"]
[Date "2014.09.14"]
[Round "9"]
[White "Goldenberg, Richard"]
[Black "Sandmeier, Toni"]
[Result "0-1"]
[WhiteElo "2263"]
[BlackElo "2202"]
[PlyCount "68"]
[EventDate "2014.09.14"]
[EventType "team-match"]
[SourceDate "2014.09.13"]
[WhiteTeam "Alsace"]
[BlackTeam "Baden"]

1. Nf3 d5 2. c4 d4 3. b4 c5 4. bxc5 Nc6 5. g3 e5 6. d3 Bxc5 7. Bg2 Nge7 8. O-O
O-O 9. Ba3 Bxa3 10. Nxa3 f6 11. Rb1 Rb8 12. Nd2 Bg4 13. Rb2 Qd7 14. f4 Nf5 15.
Nc2 Rfe8 16. Ne4 Ne3 17. Nxe3 dxe3 18. fxe5 Rxe5 19. Qa4 Ra5 20. Qd1 Nd4 21.
Rf4 Bh5 22. h3 Bg6 23. Kh2 Ne6 24. Rf1 b6 25. h4 Rd8 26. Nc3 Qd4 27. Qc1 Rh5
28. Bh3 Bf7 29. Nd5 Qe5 30. Rb5 Nc5 31. Nf4 Rh6 32. Rf3 Re8 33. Ng2 Qd6 34.
Rxe3 g5 {Zeit} 0-1

[Event "Baden-Alsace"]
[Site "Hockenheim"]
[Date "2014.09.14"]
[Round "10"]
[White "Kresovic, Velimir"]
[Black "Roos, Jean Luc"]
[Result "0-1"]
[WhiteElo "2193"]
[BlackElo "2248"]
[PlyCount "86"]
[EventDate "2014.09.14"]
[EventType "team-match"]
[SourceDate "2014.09.13"]
[WhiteTeam "Baden"]
[BlackTeam "Alsace"]

1. e4 c5 2. Nf3 Nc6 3. d4 cxd4 4. Nxd4 g6 5. Nc3 Bg7 6. Be3 Nf6 7. Bc4 O-O 8.
Bb3 a5 9. a4 Ng4 10. Qxg4 Nxd4 11. Qd1 Nxb3 12. cxb3 Ra6 13. O-O Rc6 14. Rc1 b6
15. Qd2 Bb7 16. Nd5 Rd6 17. Bf4 e5 18. Bg5 f6 19. Be3 Bxd5 20. exd5 f5 21. f3
f4 22. Bf2 g5 23. Rc4 Qf6 24. b4 axb4 25. Rxb4 g4 26. fxg4 Qg6 27. a5 bxa5 28.
Rb5 Ra6 29. Bc5 d6 30. Ba3 Qxg4 31. Qc2 Qd7 32. Rb3 Raa8 33. Kh1 Rf6 34. Rb6
Rg6 35. Rc6 Qg4 36. Qe4 Bf8 37. Rfc1 Rb8 38. h3 Qg3 39. R1c3 Qh4 40. Ra6 Rb5
41. Qd3 Rb7 42. Rc8 Rg3 43. Qc2 Rxh3+ 0-1

[Event "Baden-Alsace"]
[Site "Hockenheim"]
[Date "2014.09.14"]
[Round "11"]
[White "Goettelmann, Guillaume"]
[Black "Dushatskiy, Fedor"]
[Result "0-1"]
[WhiteElo "2113"]
[BlackElo "2185"]
[PlyCount "114"]
[EventDate "2014.09.14"]
[EventType "team-match"]
[SourceDate "2014.09.13"]
[WhiteTeam "Alsace"]
[BlackTeam "Baden"]

1. d4 d5 2. c4 e6 3. Nf3 c6 4. Qc2 f5 5. g3 Bd6 6. Bg2 Nf6 7. O-O O-O 8. Nc3
Bd7 9. Rb1 b5 10. b3 Be8 11. a4 b4 12. Nd1 Nbd7 13. Nb2 a5 14. Nd3 Ne4 15. Bb2
Rc8 16. c5 Bb8 17. Nfe5 g5 18. Nxd7 Qxd7 19. Ne5 Bxe5 20. dxe5 Qe7 21. Bd4 Bg6
22. f4 g4 23. e3 h5 24. Bxe4 dxe4 25. Qc4 h4 26. Kf2 Kf7 27. Rg1 Rh8 28. Rg2
Ra8 29. Rd1 Rhd8 30. Rgg1 Rd5 31. Ke2 Kf8 32. Rc1 Be8 33. Kf2 Ra7 34. Rgd1 Qd8
35. Qc2 Rh7 36. Rg1 Bd7 37. Rg2 Bc8 38. Qc4 Ra7 39. Rd1 Ba6 40. Qc2 Rh7 41. Qb2
Ke8 42. Rd2 Bd3 43. Rd1 Kf7 44. Rc1 Qh8 45. Qa1 Ke8 46. Qb2 Kd7 47. Qa1 Kc7 48.
Qb2 hxg3+ 49. hxg3 Rdd7 50. Rcg1 Rh1 51. Ke1 Rdh7 52. Qf2 Rxg1+ 53. Rxg1 Rh2
54. Rg2 Rh1+ 55. Rg1 Qh3 56. Rxh1 Qxh1+ 57. Kd2 Qb1 0-1

[Event "Baden-Alsace"]
[Site "Hockenheim"]
[Date "2014.09.14"]
[Round "12"]
[White "Villing, Dieter"]
[Black "Degardin, Sylvain"]
[Result "1/2-1/2"]
[WhiteElo "2169"]
[BlackElo "2110"]
[PlyCount "106"]
[EventDate "2014.09.14"]
[EventType "team-match"]
[SourceDate "2014.09.13"]
[WhiteTeam "Baden"]
[BlackTeam "Alsace"]

1. d4 Nf6 2. Nc3 d5 3. Bg5 c5 4. Bxf6 gxf6 5. e3 Nc6 6. Bb5 a6 7. Bxc6+ bxc6 8.
Qh5 cxd4 9. exd4 Rb8 10. Rb1 e5 11. Nge2 Bd6 12. O-O Qe7 13. Ng3 Rb4 14. Nce2
Qe6 15. c3 Rb6 16. Qh6 Bf8 17. Qe3 exd4 18. Qxd4 c5 19. Qh4 Qg4 20. Qxg4 Bxg4
21. Nf4 Be6 22. Rfe1 Kd7 23. Rbd1 Rxb2 24. Nxd5 Kc6 25. c4 Rxa2 26. Re3 Bd6 27.
Ne4 Bxd5 28. cxd5+ Kc7 29. Rf3 Re8 30. Nxd6 Kxd6 31. Rxf6+ Ke7 32. Rf3 Rd8 33.
h4 Ra4 34. g3 Rd4 35. Ra1 Rd6 36. Re3+ Kf6 37. Rea3 R4xd5 38. Rxa6 c4 39. Kf1
Kf5 40. Rxd6 Rxd6 41. Ke2 Re6+ 42. Kf3 Ke5 43. Ra7 Rc6 44. Ke3 c3 45. Ra5+ Ke6
46. Ra1 Ke5 47. Rc1 h5 48. Kd3 f5 49. Re1+ Kd5 50. Kc2 Rc4 51. Re3 f4 52. Rf3
Ke5 53. gxf4+ Rxf4 1/2-1/2

[Event "Baden-Alsace"]
[Site "Hockenheim"]
[Date "2014.09.14"]
[Round "13"]
[White "Letzelter, Jean Claude"]
[Black "Mueller, Rudolf"]
[Result "1/2-1/2"]
[WhiteElo "2107"]
[BlackElo "2150"]
[PlyCount "251"]
[EventDate "2014.09.14"]
[EventType "team-match"]
[SourceDate "2014.09.13"]
[WhiteTeam "Alsace"]
[BlackTeam "Baden"]

1. b4 e5 2. Bb2 Bxb4 3. Bxe5 Nf6 4. c4 Nc6 5. Bb2 O-O 6. e3 b6 7. Nf3 Ba6 8.
Be2 Na5 9. Qc2 d5 10. Ng5 Re8 11. a3 Be7 12. d3 Nd7 13. h4 h6 14. Nf3 dxc4 15.
dxc4 Bf6 16. Nbd2 Nc5 17. Nd4 Bb7 18. Nf5 Ne4 19. Rd1 Nd6 20. Ng3 Bxh4 21. Nh5
Rxe3 22. Nxg7 Bxg2 23. Rg1 Rxe2+ 24. Kxe2 Qe7+ 25. Ne4 Bxe4 26. Nf5+ Kf8 27.
Rg8+ Kxg8 28. Nxe7+ Bxe7 29. Qc3 f6 30. c5 Ndc4 31. Bc1 Ne5 32. Rg1+ Kf7 33.
Bxh6 Bf3+ 34. Ke3 Bxc5+ 35. Kf4 Be2 36. Rg7+ Ke6 37. Rxc7 Bxf2 38. Qh3+ Kd6 39.
Qg2 Kxc7 40. Qxa8 Nac6 41. Kf5 Bg4+ 42. Kxf6 Bc8 43. Bf4 Bd4 44. Bg3 Kd7 45. a4
Nd3+ 46. Kf5 Nc5 47. Bb8 Na6 48. Bg3 Nc7 49. Bxc7 Kxc7+ 50. Ke4 Be5 51. Kd5 Bd7
52. Qf8 Bg3 53. Qa3 Bh2 54. Qf8 a5 55. Qh6 Nb4+ 56. Kc4 Bd6 57. Qh7 Na6 58. Kd5
Nc5 59. Qg6 Bc6+ 60. Kc4 Nxa4 61. Qh7+ Bd7 62. Kb3 Nc5+ 63. Ka2 b5 64. Qh1 Be6+
65. Kb1 b4 66. Qa8 a4 67. Qa5+ Kc6 68. Qxb4 Bf5+ 69. Ka2 Bd3 70. Qa5 Bc4+ 71.
Kb1 Kd5 72. Qa8+ Kd4 73. Qd8 Ne4 74. Qh8+ Kd3 75. Qh3+ Kd4 76. Qh8+ Be5 77. Qh3
Bb3 78. Qh7 Nc3+ 79. Kb2 Nb5 80. Qf5 Kd5+ 81. Kc1 Nd4 82. Qc8 Ke4 83. Qe8 Ne2+
84. Kd2 Nd4 85. Kc1 Nf3 86. Qc6+ Ke3 87. Qb5 Bd4 88. Qe8+ Ne5 89. Qe7 Kd3 90.
Qh7+ Kc3 91. Qc2+ Kb4 92. Qe4 Kc4 93. Qe2+ Kc5 94. Qa6 Be3+ 95. Kb1 Nc4 96.
Qa7+ Kb4 97. Qe7+ Kc3 98. Qf6+ Bd4 99. Qf3+ Kb4 100. Qf4 Na3+ 101. Kc1 Nb5 102.
Qf8+ Bc5 103. Qf4+ Ka5 104. Qd2+ Ka6 105. Qh6+ Bd6 106. Kb2 Bc4 107. Qh1 a3+
108. Kc2 a2 109. Qe1 Bc5 110. Qh1 Bd4 111. Qc6+ Ka5 112. Qa8+ Kb4 113. Qf8+ Bc5
114. Qg7 Bb3+ 115. Kd2 Bd4 116. Qf8+ Ka5 117. Qa8+ Kb6 118. Qb8+ Kc6 119. Qe8+
Kc5 120. Qc8+ Kb4 121. Qf8+ Bc5 122. Qf6 Ka3 123. Qa6+ Ba4 124. Qf6 Bb4+ 125.
Kc1 Nc3 126. Qxc3+ 1/2-1/2

[Event "Baden-Alsace"]
[Site "Hockenheim"]
[Date "2014.09.14"]
[Round "14"]
[White "Wenner, Tobias"]
[Black "Rocher, Olivier"]
[Result "1/2-1/2"]
[WhiteElo "2134"]
[BlackElo "2098"]
[PlyCount "92"]
[EventDate "2014.09.14"]
[EventType "team-match"]
[SourceDate "2014.09.13"]
[WhiteTeam "Baden"]
[BlackTeam "Alsace"]

1. Nf3 Nf6 2. c4 c5 3. Nc3 e6 4. g3 b6 5. Bg2 Bb7 6. O-O Be7 7. b3 O-O 8. Bb2
d6 9. d4 Nbd7 10. Re1 a6 11. e4 cxd4 12. Nxd4 Qc7 13. Rc1 Rfd8 14. Qe2 Rac8 15.
h3 Qb8 16. Kh2 Qa8 17. a3 Bf8 18. Nc2 Nc5 19. b4 Nb3 20. Rb1 Nd7 21. Nd1 a5 22.
Bc3 a4 23. Nd4 Nxd4 24. Bxd4 e5 25. Bb2 f5 26. Nc3 Nf6 27. Nd5 Nxd5 28. exd5 b5
29. cxb5 Bxd5 30. Bxd5+ Qxd5 31. Rbc1 g6 32. Red1 Qb7 33. f4 exf4 34. Qe6+ Qf7
35. Qxf7+ Kxf7 36. gxf4 Rb8 37. Rc7+ Kg8 38. Ra7 Re8 39. Bf6 Bh6 40. Bg5 Re2+
41. Kg1 Bxg5 42. fxg5 Rc8 43. Kf1 Rh2 44. Kg1 Re2 45. Kf1 Rh2 46. Kg1 Re2
1/2-1/2

[Event "Baden-Alsace"]
[Site "Hockenheim"]
[Date "2014.09.14"]
[Round "15"]
[White "Flick, Antoine"]
[Black "Schmidt, Ulrich"]
[Result "1/2-1/2"]
[WhiteElo "2093"]
[BlackElo "2120"]
[PlyCount "107"]
[EventDate "2014.09.14"]
[EventType "team-match"]
[SourceDate "2014.09.13"]
[WhiteTeam "Alsace"]
[BlackTeam "Baden"]

1. d4 Nf6 2. Nf3 e6 3. c4 b6 4. g3 Bb7 5. Bg2 Be7 6. O-O O-O 7. d5 d6 8. Nc3 e5
9. e4 Nbd7 10. Ne1 Re8 11. Nd3 Bf8 12. Be3 g6 13. Qe2 Bg7 14. Rae1 a5 15. a3
Ba6 16. Nb5 Nc5 17. Nxc5 dxc5 18. Nc3 Rf8 19. f4 Ne8 20. fxe5 Bxe5 21. Qd3 Nd6
22. b3 Qe7 23. Bh3 Bc8 24. Bxc8 Raxc8 25. Bf4 Rfe8 26. Re2 Bd4+ 27. Kg2 Bxc3
28. Bxd6 cxd6 29. Qxc3 f5 30. Rfe1 fxe4 31. Qc2 Qf7 32. Rxe4 Rxe4 33. Qxe4 Rf8
34. Qe6 Kg7 35. Qxf7+ Kxf7 36. Re6 Rd8 37. Kf3 Rd7 38. Kf4 h6 39. Kg4 a4 40.
bxa4 Ra7 41. Rxd6 Rxa4 42. Rxb6 Rxc4+ 43. Kh3 Ra4 44. Rc6 Rxa3 45. Rxc5 Ra2 46.
Rc6 Rd2 47. d6 Rd4 48. Rc7+ Ke6 49. Re7+ Kf6 50. Rd7 Ke6 51. Rh7 h5 52. Re7+
Kxd6 53. Rg7 Rg4 54. Ra7 1/2-1/2

[Event "Baden-Alsace"]
[Site "Hockenheim"]
[Date "2014.09.14"]
[Round "16"]
[White "Merklinger, Markus"]
[Black "Engelmann, Herve"]
[Result "1/2-1/2"]
[WhiteElo "2112"]
[BlackElo "2089"]
[PlyCount "44"]
[EventDate "2014.09.14"]
[EventType "team-match"]
[SourceDate "2014.09.13"]
[WhiteTeam "Baden"]
[BlackTeam "Alsace"]

1. e4 e5 2. Nf3 Nc6 3. Bb5 a6 4. Ba4 Nf6 5. O-O Be7 6. Re1 b5 7. Bb3 O-O 8. c3
d5 9. exd5 Nxd5 10. Nxe5 Nxe5 11. Rxe5 c6 12. d4 Bd6 13. Re1 Qh4 14. g3 Qh3 15.
Re4 g5 16. Qf3 Bf5 17. Bc2 Nf6 18. Rh4 Rae8 19. Be3 Bg4 20. Qxf6 gxh4 21. Qg5+
Kh8 22. Qf6+ Kg8 1/2-1/2

[Event "Baden-Alsace"]
[Site "Hockenheim"]
[Date "2014.09.14"]
[Round "17"]
[White "Kern, Nicolas"]
[Black "Cofman, Veaceslav"]
[Result "0-1"]
[WhiteElo "2061"]
[BlackElo "2112"]
[PlyCount "136"]
[EventDate "2014.09.14"]
[EventType "team-match"]
[SourceDate "2014.09.13"]
[WhiteTeam "Alsace"]
[BlackTeam "Baden"]

1. e4 Nc6 2. Bc4 e5 3. Nf3 Bc5 4. d3 h6 5. c3 d6 6. a4 a6 7. Qb3 Qf6 8. a5 Nge7
9. Be3 Ng6 10. Nbd2 O-O 11. O-O Nf4 12. Kh1 Rb8 13. Qc2 Be6 14. b4 Bxe3 15.
fxe3 Ng6 16. Qa2 Qe7 17. Rf2 Bxc4 18. Qxc4 Qe6 19. Raf1 Qxc4 20. Nxc4 f5 21.
exf5 Rxf5 22. e4 Rf6 23. g3 {(=)} Nge7 24. Kg2 Rd8 25. Re1 Re6 26. Nfd2 Kh7 27.
Kf3 Ng8 28. h3 Nf6 29. Ne3 Ne7 30. c4 Nc6 31. Nc2 Nh5 32. Kg2 Rg6 33. Re3 Nf4+
34. Kh2 Ne6 35. Nb3 b6 36. axb6 cxb6 37. Rf7 Ng5 38. Rb7 Rf6 39. Kg2 Rdf8 40.
Re2 Rb8 41. Rc7 Nd8 42. Ra7 a5 43. bxa5 bxa5 44. Nxa5 Rb1 45. Ne1 Nge6 46. Nf3
Nc5 47. d4 Nxe4 48. dxe5 dxe5 49. Rd7 Nf7 50. Rxe4 Rxf3 51. Re2 Rff1 52. h4 h5
53. Rf2 Rg1+ 54. Kf3 Nh6 55. Rdd2 Ng4 56. Rg2 Rgf1+ 57. Ke4 Rbe1+ 58. Rde2 Ra1
59. Nc6 Ra8 60. Ne7 Re8 61. Nf5 Nf6+ 62. Kd3 Rxf5 63. Rgf2 Rd8+ 64. Kc2 Rxf2
65. Rxf2 Kg8 66. Re2 e4 67. Kc3 Kf7 68. c5 Ke7 0-1

[Event "Baden-Alsace"]
[Site "Hockenheim"]
[Date "2014.09.14"]
[Round "18"]
[White "Frey, Alisa"]
[Black "Henry, Lionel"]
[Result "1/2-1/2"]
[WhiteElo "2105"]
[BlackElo "2024"]
[PlyCount "95"]
[EventDate "2014.09.14"]
[EventType "team-match"]
[SourceDate "2014.09.13"]
[WhiteTeam "Baden"]
[BlackTeam "Alsace"]

1. e4 g6 2. d4 Bg7 3. Nc3 d6 4. Be3 a6 5. Qd2 b5 6. O-O-O Nd7 7. f4 Bb7 8. Bd3
Ngf6 9. e5 Ng4 10. Be4 Bxe4 11. Nxe4 Nb6 12. Qe2 Nxe3 13. Qxe3 Nc4 14. Qf3 Qc8
15. Ne2 Rb8 16. g4 a5 17. N2c3 a4 18. Nd5 b4 19. Qe2 c6 20. Nef6+ Bxf6 21. exf6
Ne5 22. fxe5 cxd5 23. fxe7 Kxe7 24. exd6+ Kxd6 25. Qe5+ Kc6 26. Rhf1 Re8 27.
Rf6+ Re6 28. Rdf1 Rb7 29. Qg5 Qe8 30. h4 Rbe7 31. c4 bxc3 32. bxc3 a3 33. c4
Kc7 34. Qf4+ Kc8 35. Rxe6 Rxe6 36. cxd5 Re1+ 37. Rxe1 Qxe1+ 38. Kc2 Qe2+ 39.
Qd2 Qxg4 40. Qc3+ Kd8 41. Qa5+ Kd7 42. Qa7+ Kd8 43. Qb6+ Ke8 44. Qb8+ Kd7 45.
Qa7+ Kd8 46. Qb6+ Ke8 47. Qb8+ Kd7 48. Qa7+ 1/2-1/2

[Event "Baden-Alsace"]
[Site "Hockenheim"]
[Date "2014.09.14"]
[Round "19"]
[White "Chahbazian, Jean Baptiste"]
[Black "Inhoven, Stefan"]
[Result "0-1"]
[WhiteElo "2017"]
[BlackElo "2080"]
[PlyCount "40"]
[EventDate "2014.09.14"]
[EventType "team-match"]
[SourceDate "2014.09.13"]
[WhiteTeam "Alsace"]
[BlackTeam "Baden"]

1. e4 g6 2. d4 Nf6 3. Bd3 d6 4. f4 e5 5. fxe5 dxe5 6. d5 Nxe4 7. Qe2 f5 8. Bxe4
Qh4+ 9. g3 Qxe4 10. Qxe4 fxe4 11. Be3 Bf5 12. Nd2 Na6 13. O-O-O Nb4 14. Nc4
Nxa2+ 15. Kb1 Nb4 16. Nxe5 Rd8 17. c4 Bg7 18. Bd4 e3+ 19. Ka1 Nc2+ 20. Ka2 Nxd4
0-1

[Event "Baden-Alsace"]
[Site "Hockenheim"]
[Date "2014.09.14"]
[Round "20"]
[White "Gschnitzer, Adrian"]
[Black "Laverdet, Tristan"]
[Result "0-1"]
[WhiteElo "2041"]
[BlackElo "2003"]
[PlyCount "90"]
[EventDate "2014.09.14"]
[EventType "team-match"]
[SourceDate "2014.09.13"]
[WhiteTeam "Baden"]
[BlackTeam "Alsace"]

1. e4 c5 2. Nf3 e6 3. d4 cxd4 4. Nxd4 Nf6 5. Nc3 d6 6. Be3 Be7 7. Be2 a6 8. a4
O-O 9. O-O Bd7 10. f4 Nc6 11. Nb3 Rc8 12. a5 Qc7 13. Bf3 Nb4 14. Bb6 Qb8 15.
Rf2 Bc6 16. Qd4 d5 17. e5 Nd7 18. Bg4 Nxb6 19. Qxb6 Bd7 20. Rd2 Rc4 21. Qf2
Rfc8 22. Rad1 Bc5 23. Nxc5 R4xc5 24. Rd4 Rc4 25. Rxc4 Rxc4 26. Be2 Rc8 27. Bg4
Qc7 28. Rd2 Qxa5 29. f5 Qa1+ 30. Nd1 Qc1 31. f6 Nc6 32. Bxe6 Bxe6 33. Qg3 g6
34. Qe3 Kf8 35. c4 d4 36. Qh6+ Ke8 37. Qf4 Bxc4 38. Kf2 Be6 39. Nc3 dxc3 40.
Rd8+ Rxd8 41. Qxc1 Rd2+ 42. Kg3 cxb2 43. Qxd2 b1=Q 44. Qd6 Qe1+ 45. Kf4 Qb4+
0-1

[Event "Baden-Alsace"]
[Site "Hockenheim"]
[Date "2014.09.14"]
[Round "21"]
[White "Da Silva, Quentin"]
[Black "Kuehnel, Lena"]
[Result "1-0"]
[WhiteElo "1989"]
[BlackElo "1939"]
[PlyCount "105"]
[EventDate "2014.09.14"]
[EventType "team-match"]
[SourceDate "2014.09.13"]
[WhiteTeam "Alsace"]
[BlackTeam "Baden"]

1. e4 e5 2. Nf3 Nc6 3. Bc4 Nf6 4. Ng5 d5 5. exd5 Nd4 6. c3 b5 7. cxd4 bxc4 8.
Qa4+ Bd7 9. Qxc4 Ng4 10. d3 exd4 11. O-O Bd6 12. Re1+ Kf8 13. Nf3 Rb8 14. Nbd2
Rb4 15. Qc2 Nf6 16. Ne4 Nxd5 17. Nxd6 cxd6 18. Bd2 Rb8 19. Qc4 Be6 20. Nxd4 Qf6
21. Nxe6+ fxe6 22. b3 Kf7 23. Qa6 Qe7 24. Rac1 Rb6 25. Qa3 Rf8 26. Be3 Nxe3 27.
Rxe3 Kg8 28. Qb2 d5 29. Qc3 Qf6 30. Qxf6 Rxf6 31. Kf1 Ra6 32. a4 Rf4 33. Ke2
Rb6 34. Rc8+ Rf8 35. Rxf8+ Kxf8 36. d4 Kf7 37. Kd2 Rb4 38. Kc3 a5 39. f4 Kf6
40. Re5 g6 41. g4 Rb7 42. f5 Rc7+ 43. Kd2 gxf5 44. gxf5 exf5 45. Rxd5 Rg7 46.
Rxa5 Rg2+ 47. Ke3 Rxh2 48. b4 Rh3+ 49. Kf2 Rd3 50. b5 Ke6 51. b6 Rb3 52. Re5+
Kd6 53. Rxf5 1-0